000 00825nam a2200265Ia 4500
001 Para_767
003 CHAP
008 220125s1993 xx 000 0 und d
010 _a199456
040 _cCHAP
090 _aPA TESIS 739
100 _aMolina Romano, Cenobio
_977387
245 _aInsectos asociados al chayotillo Sicyos spp. en Chapingo, Edo de México /
_c por Cenobio Molina Romano
260 _aChapingo, Mex. :
_b El autor
300 _a51 h.
502 _aTesis (Ing. Agr. Esp. en Parasitología Agrícola) -- UACh. Depto. Parasitología
710 _aUACh. Departamento Parasitología Agrícola
_9164025
901 _aPA TESIS 739
902 _aA
905 _a0000001993 0000000000 00
910 _a1993
942 _cPARA
942 _cPARA
_d1
999 _c199456
_d199456